000 00859nam a2200289Ia 4500
005 20260324141111.0
008 008 260324s9999 xx 000 0 eng d
020 _a9780429480232
037 _aEBOOK
040 _aCRL
040 _beng
040 _cCRL
041 _2eng
041 _aeng
084 _qCRL
100 _aGabriele Ast; Vamik D. Volkan
_91206917
245 0 _aSiblings in the Unconscious and Psychopathology
245 0 _bWomb Fantasies, Claustrophobias, Fear of Pregnancy, Murderous Rage, Animal Symbolism, Christmas and Easter "Neuroses", and Twinnings or Identifications with Sisters and Brothers
260 _bTaylor and Francis
260 _c1997
365 _a
365 _b205
856 _uhttp://www.taylorfrancis.com/books/9780429480232
942 _cEBOOK
999 _c1809660
_d1809660